000 00558nam a2200181 4500
005 20231202005441.0
008 231202b2004 |||||||| |||| 00| 0 eng d
082 _a305.42
_bBEY
110 _aBeyond Beijing Committee
245 _a Beijing and beyond, Beijing +10 NGO country report, 2004 :
_bNepal
260 _aLalitpur:
_bBeyond Beijing Committee,
_c[2004]
300 _a62 p. : color ill. ; 26 cm
650 _aFEMINISM-Nepal
650 _aWomen in development
700 _aSiwakoti, Gopal Krishna
700 _aOstermann, Susan L.
942 _cRP
999 _c4269
_d4269